Fr. Conceicao Rodrigues College of Engineering

Professional IIS 7 (Record no. 21862)

MARC details
000 -LEADER
fixed length control field 00324nam a2200169Ia 4500
082 ## - DEWEY DECIMAL CLASSIFICATION NUMBER
Classification number 5.8
Item number SCH
100 ## - MAIN ENTRY--PERSONAL NAME
Personal name Schaefer/Ken
245 ## - TITLE STATEMENT
Title Professional IIS 7
260 ## - PUBLICATION, DISTRIBUTION, ETC.
Name of publisher, distributor, etc. Wrox/Wiley
366 ## - TRADE AVAILABILITY INFORMATION
Publishers's discount category 25
300 ## - PHYSICAL DESCRIPTION
Extent 812
546 ## - LANGUAGE NOTE
Language note ENGLISH
-- PAMPHALETS
650 ## - SUBJECT ADDED ENTRY--TOPICAL TERM
Topical term or geographic name entry element IIS
654 ## - SUBJECT ADDED ENTRY--FACETED TOPICAL TERMS
Focus term IIS
942 ## - ADDED ENTRY ELEMENTS (KOHA)
Koha item type BOOK
Holdings
Withdrawn status Lost status Damaged status Not for loan Collection Home library Current library Date acquired Source of acquisition Cost, normal purchase price Inventory number Total Checkouts Full call number Barcode Date last seen Cost, replacement price Price effective from Koha item type
        CRC Fr. Agnel's C.Rodrigues College of Engineering Fr. Agnel's C.Rodrigues College of Engineering 17/03/2023 Dharma Enterprises 449.25 524 dt 29/04/2010   5.8 SCH 20527 17/03/2023 599.00   BOOK